Contame por qué... : (Record no. 620)

MARC details
000 -CABECERA
campo de control de longitud fija 02541nam a22003014c 4500
003 - IDENTIFICADOR DE NUMERO DE CONTROL
campo de control AR-BaSMT
008 - CAMPOS DE LONGITUD FIJA
campo de control de longitud fija 260409b2025 aga|||br|||| 001 1 spa d
020 ## - ISBN: Indicadores indefinidos
Número ISBN 9789878448459
040 ## - FUENTE DE CATALOGACION
Agencia de catalogación original BSGB
Idioma de catalogación español
Agencia que realiza la transcripción BSGB
Convenciones de la descripción rda
041 0# - CODIGO DE IDIOMA
Código idioma spa
Idioma original español
080 ## - CDU
CDU completo 82-343
100 1# - PUNTO DE ACCESO PRINCIPAL
Nombre de persona Califa, Oche
Enlace autoridades 347
245 10 - MENCION DE TITULO
Título Contame por qué... :
Subtítulo mitos y leyendas americanos
250 ## - MENCION DE EDICION
Mención de edición Primera edición
264 #1 - PRODUCCIÓN, PUBLICACIÓN, DISTRIBUCIÓN, ETC.
Lugar de publicación, etc. Buenos aires :
Nombre editor. La estación ,
Fecha 2025
300 ## - DESCRIPCION FISICA
Extensión 48 páginas ;
Otros detalles físicos ilustraciones color
336 ## - TIPO DE CONTENIDO
rdacontent rdacontent
texto texto
txt txt
337 ## - TIPO DE MEDIO
rdamedia rdamedia
sin mediación sin mediación
n n
338 ## - TIPO DE SOPORTE
rdacarrier rdacarrier
volumen volumen
nc nc
490 ## - TÍTULO DE LA SERIE
Título de la serie Máquina de hacer lectores. Verdes
505 ## - NOTA DE CONTENIDO CON FORMATO
Volcar toda la info, nivel básico, Indicadores 8 y # ÍNDICE:<br/><br/>¿POR QUÉ SON ASÍ LOS ANIMALES Y LAS PLANTAS?<br/><br/>¿Por qué el sapo tiene el cuerpo achatado?, página 8<br/>¿Por qué los perros se huelen la colas?, página 10<br/>¿Por qué el tigre odia al zorro?, página 12<br/>¿Por qué se erizan los gatos? , página 15<br/>¿Por qué la tortuga tiene ese aspecto?, página 16<br/>¿Por qué la gallina picotea en la tierra y come lombrices?, página 18<br/>¿Por qué el cóndor tiene golilla?, página 20<br/>¿Por qué existen los peces y las focas?, página 24<br/>¿Por qué los hombres no tienen cola y los monos sí?, página 27<br/>¿Por qué el palo santo sirve para ahuyentar mosquitos?, página 28<br/>¿Por qué las flores del michay son rojas y amarillas?, página 32<br/><br/>¿POR QUÉ SON ASÍ LAS COSAS?<br/><br/>¿Por qué sopla el viento zonda?, página 36<br/>¿Por qué el sol alumbra más que la luna?, página 39<br/>¿Por qué nos enamoramos?, página 40<br/>¿Por qué no llueve sobre la costa del Perú? página 42<br/>¿Por qué hay personas de diferentes tamaños?, página 44<br/>¿Por qué se producen los eclípces?, página 46<br/>¿Por qué existen las llanuras y las montañas?, página 47<br/>
520 ## - NOTA DE SUMARIO, RESUMEN, ETC.
Toda la nota Contame por qué… reúne mitos, cuentos populares y leyendas de nuestro continente recopilados por Oche Califa, un escritor amante de las historias que se cuentan en distintos pueblos de América desde tiempos antiguos para explicar el origen de las cosas. En estas páginas se responde a una veintena de preguntas míticas, tales como por qué nos enamoramos, por qué el Sol alumbra más que la Luna, por qué se erizan los gatos y muchas otras que vale la pena descubrir.
URL, URI, etc. https://laestacioneditora.com/books/contame-por-que<br/>0904/2026
521 ## - NOTA DE PÚBLICO DESTINATARIO
Nota de audiencia A partir de 9 años
650 #7 - PUNTO DE ACCESO ADICIONAL DE MATERIA – TÉRMINO TEMÁTICO
Enlace autoridades 8
Término de materia o nombre geográfico como elemento de entrada LITERATURA INFANTIL
650 #7 - PUNTO DE ACCESO ADICIONAL DE MATERIA – TÉRMINO TEMÁTICO
Enlace autoridades 103
Término de materia o nombre geográfico como elemento de entrada MITOS Y LEYENDAS
Subdivisión geográfica Argentina
942 ## - ELEMENTOS AGREGADOS (KOHA)
CDU Clasificación Decimal Dewey
Tipo de ítem Libros
Holdings
Disponible Perdido Fuente de clasificación Estado Ubicación permanente Locación actual Estante o sala Fuente de adquisición Número de inventario Total préstamos Signatura topográfica Código de barras Numero de ejemplar Tipo de item de Koha Calificador de localización códificado
    Clasificación Decimal Dewey   Biblioteca Susana G. De Batemarco Biblioteca Susana G. De Batemarco Marrón donación editorial 000865   82-343 CAL 000865 1 Libros  

Powered by Koha